000 00730nam a2200229 i 4500
001 19077
003 ES-MaACL
005 20230906152007.0
007 t|
008 020528s2002 sp ||||1| spa d
020 _a84-344-1236-5
080 _a392.81:2
245 0 4 _aLas religiones y la comida /
_cPerry Schmidt-Leukel (ed.) ; [traducción, Lluís Miralles de Imperial Llobet].
250 _a1ª ed.
260 _aBarcelona :
_bAriel,
_c2002.
300 _a284 p. ;
_c21 cm.
504 _aBibliografía: p. 269-275.
650 1 4 _aAlimentación-
_xAspectos religiosos.
_99725
700 1 _aSchmidt-Leukel, Perry.
_9104503
700 1 _aMiralles de Imperial Llobet, Lluís.
_981498
852 _aES-MaACL
_jL-25549
_bR.131419
999 _c19077
_d19077